书目信息 |
| 题名: |
中国文学名著讲话
|
|
| 作者: | 徐调孚 著 | |
| 分册: | ||
| 出版信息: | 北京 中华书局 1981 |
|
| 页数: | 165页 | |
| 开本: | 21cm | |
| 丛书名: | ||
| 单 册: | ||
| 中图分类: | I206 , Z89:I , I207 | |
| 科图分类: | ||
| 主题词: | 文学--群书索引--中国 | |
| 电子资源: | ||
| ISBN: | ||
| 000 | 00607nam0 2200229 450 | |
| 001 | 1531015735 | |
| 005 | 20150124083726.73 | |
| 091 | @a10018.475@dCNY0.63 | |
| 100 | @a20120905d1981 em y0chiy0121 ea | |
| 101 | 0 | @achi |
| 102 | @aCN@b110000 | |
| 105 | @ay z 000zy | |
| 200 | 1 | @a中国文学名著讲话@9zhong guo wen xue ming zhu jiang hua@f徐调孚著 |
| 210 | @a北京@c中华书局@d1981 | |
| 215 | @a165页@d21cm | |
| 606 | 0 | @a文学@x群书索引@y中国 |
| 690 | @aI206@v5 | |
| 690 | @aZ89:I@v5 | |
| 690 | @aI207@v4 | |
| 701 | 0 | @a徐调孚@9xu diao fu@4著 |
| 801 | 0 | @aCN@bTSSF@c20150124 |
| 905 | @aZUCC@dI207@eJY92 | |
| 中国文学名著讲话/徐调孚著.-北京:中华书局,1981 |
| 165页;21cm |
| ISBN : |
| ● |
| 相关链接 |
|
|
|
|
正题名:中国文学名著讲话
索取号:I207/JY92
 
预约/预借
| 序号 | 登录号 | 条形码 | 馆藏地/架位号 | 状态 | 备注 |
| 1 | 7843929 | 278439290 | 学院路分馆/ [索取号:I207/JY92] | 在馆 | |
| 2 | 7843930 | 278439307 | 学院路分馆/ [索取号:I207/JY92] | 在馆 | |
| 3 | 7843931 | 278439316 | 学院路分馆/ [索取号:I207/JY92] | 在馆 | |
| 4 | 7843932 | 278439325 | 学院路分馆/ [索取号:I207/JY92] | 在馆 |